000 005430000a22001930004500
001 004634
003 MACL
005 20151001171845.0
008 151001b xxu||||| |||| 00| 0 eng d
040 _aMACL
_cMACL
041 _aEnglish
082 _a904/ARA
100 _aAra, Badar
_913155
245 _aCultural History Of India As Depicted In Foreign Accounts
_b8th To 12th Century [A. D.]
_cBadar Ara
260 _aPatna
_c2004
_bKhuda bakhsh Oriented Public Library,
350 _a150
650 _aHistory
_913156
942 _k904
_cBK
_2ddc
999 _c16521
_d16521